000 00285nam a22001337a 4500
008 171013b xxu||||| |||| 00| 0 eng d
020 _a9780324289169
041 _aeng
080 _28 ED
_a336
100 _a51
101 _aINV
245 _aINVESTMENT
_cMAYO.H.B
942 _2udc
_cBK
999 _c33827
_d33827